Statistics for Red, White and Blue Flags

Click here to take the quiz!

General Stats

  • This quiz has been taken 26 times
  • The average score is 22 of 25

Answer Stats

Answer% Correct
Australia
100%
New Zealand
100%
Norway
100%
United Kingdom
100%
Cuba
95%
France
95%
Iceland
95%
Netherlands
95%
United States
95%
Czech Republic
90%
North Korea
90%
Russia
90%
Slovakia
90%
Cambodia
85%
Chile
85%
Dominican Republic
85%
Liberia
85%
Luxembourg
85%
Panama
85%
Slovenia
85%
Thailand
80%
Costa Rica
75%
Taiwan
75%
Laos
70%
Samoa
70%

Score Distribution

Percentile by Number Answered

Percent of People with Each Score

Your Score History

You have not taken this quiz